Musique - De quels clips viennent ces images ? - Statistiques

Statistiques générales
  • Ce quiz a été pris 146 fois
  • Le résultat moyen est 8 sur 16
Statistiques - réponses
Par images Réponse % Correct
Thriller (Michael Jackson)
94%
Chandelier (Sia)
91%
Formidable (Stromae)
87%
Espresso (Sabrina Carpenter)
70%
Wrecking Ball (Miley Cyrus)
70%
Bad Romance (Lady Gaga)
66%
Barbie Girl (Aqua)
64%
Take On Me (a-ha)
61%
I Want To Break Free (Queen)
57%
Somebody That I Used To Know (Gotye ft Kimbra)
48%
Désenchantée (Mylène Farmer)
24%
Around The World (Daft Punk)
23%
One Last Time (Ariana Grande)
22%
Sommet (Amir)
11%
The Loneliest (Måneskin)
11%
Eyes Closed (Imagine Dragons)
7%
Aucun quiz correspondant
Distribution des résultats
% des personnes avec chaque résultat
Percentile par nombre de réponses
Votre historique - résultats
Vous n’avez pas pris ce quiz